|
|
|
|
| LEADER |
00000nam0a2200000 4500 |
| 001 |
204008 |
| 005 |
20231101225203.0 |
| 035 |
|
|
|a (RuTPU)RU\TPU\book\222333
|
| 090 |
|
|
|a 204008
|
| 100 |
|
|
|a 20111117d2011 k y0rusy50 ca
|
| 101 |
0 |
|
|a rus
|
| 102 |
|
|
|a RU
|
| 105 |
|
|
|a y dm 001zy
|
| 200 |
1 |
|
|a Социальная динамика культурной политики в современной России
|e автореферат диссертации на соискание ученой степени доктора социологических наук
|e спец.22.00.06
|f Г. Г. Карпова
|g Саратовский государственный технический университет (СГТУ) ; науч. рук. Е. Р. Ярская-Смирнова
|
| 210 |
|
|
|a Саратов
|d 2011
|
| 215 |
|
|
|a 39 с.
|
| 300 |
|
|
|a Защита состоится 27 декабря 2011 г.
|
| 320 |
|
|
|a Библиогр.: с.34-39 (52 назв.).
|
| 606 |
1 |
|
|a Культура
|x Социальные проблемы
|2 stltpush
|3 (RuTPU)RU\TPU\subj\37609
|9 58498
|
| 610 |
1 |
|
|a социология
|
| 610 |
1 |
|
|a культура
|
| 610 |
1 |
|
|a социальная динамика
|
| 610 |
1 |
|
|a культурная политика
|
| 610 |
1 |
|
|a Россия
|
| 610 |
1 |
|
|a 21 век
|
| 610 |
1 |
|
|a социокультурная динамика
|
| 610 |
1 |
|
|a социокультурное развитие
|
| 610 |
1 |
|
|a социологические теории
|
| 610 |
1 |
|
|a авторефераты диссертаций
|
| 686 |
|
|
|a С55.57
|v LBC/SL-A
|2 rubbk
|
| 700 |
|
1 |
|a Карпова
|b Г. Г.
|g Галина Геннадьевна
|
| 702 |
|
1 |
|a Ярская-Смирнова
|b Е. Р.
|g Елена Ростиславовна
|4 727
|
| 712 |
0 |
2 |
|a Саратовский государственный технический университет (СГТУ)
|c (1992- )
|2 stltpush
|3 (RuTPU)RU\TPU\col\95
|
| 801 |
|
1 |
|a RU
|b 63413507
|c 20111117
|
| 801 |
|
2 |
|a RU
|b 63413507
|c 20111214
|g RCR
|
| 942 |
|
|
|c BK
|